000 01644cam a2200253 4500
001 ABS66430
008 030213n2003 000 0 eng u
035 _a(Sirsi) u121345
100 _aElson, M.
245 _aOn the trail of a green fringe
260 _c2003
490 _aPlanning (for the Natural and Built Environment)
_v(1508) 31 January 2003, 15(1)
520 _aHighlights the role of planning in the development of community forests. Community forests are created by local partnerships with the aim of improving the quality of life on urban fringes and were first established 12 years ago. In 2001 a Countryside Agency commissioned study found that a range of planning mechanisms are effective in bringing together forest visions and local authority decisions. These include supplementary planning guidance (SPG), local management zones, extending recreational planning obligations, and the National Forest Company's practical developers' guide. Provides a number of community forest case studies and points out that community forest approaches already fit in with the processes of sub-regional planning. "Planning for delivery of quality of life benefits: an evaluation of planning mechanisms with respect to community" is available priced £2 from Countryside Agency Publications t +44 (0)870 120 6466.
590 _aABS
650 _aURBAN FRINGE
650 _aCOMMUNITY FORESTS
650 _aQUALITY OF LIFE
650 _aFOREST MANAGEMENT
650 _aPLANNING METHODS
650 _aSUPPLEMENTARY PLANNING GUIDANCE
650 _aREGENERATION
690 _aENVIRONMENTAL AND LAND CONSULTANCY
942 _n0
999 _c72111
_d72111